Unrecognized Countries Quiz - Statistics

General Stats
  • This quiz has been taken 991 times
  • The average score is 6 of 10
Answer Stats
Countries % Correct
Kosovo
74%
Taiwan
71%
Palestine
70%
South Ossetia
64%
Abkhazia
63%
Somaliland
61%
Transnistria
54%
Western Sahara
52%
Northern Cyprus
40%
Artsakh
34%
No matching quizzes found
Score Distribution
Percent of People with Each Score
Percentile by Number Answered
Your Score History
You have not taken this quiz